000 00378pab a2200157 454500
008 180718b2011 xxu||||| |||| 00| 0 eng d
100 _aPal, B.K.
245 _a`Ways and means to eradicate corruption in public offices': A report
260 _c2011
300 _ap.35.
362 _a29 Jul
650 _aCorruption
773 _aMainstream
908 _aN
909 _a92733
999 _c92733
_d92733